Handbook of Ancient Afro-Eurasian Economies : Volume 2: Local, Regional, and Imperial Economies.

Bibliographic Details
Main Author: von Reden, Sitta.
Other Authors: Fabian, Lara., Weaverdyck, Eli J. S.
Format: eBook
Language:English
Published: Berlin/München/Boston : Walter de Gruyter GmbH, 2021.
Edition:1st ed.
Subjects:
Online Access:Click to View
LEADER 01550nam a22003733i 4500
001 EBC7015476
003 MiAaPQ
005 20231204023226.0
006 m o d |
007 cr cnu||||||||
008 231204s2021 xx o ||||0 eng d
020 |a 9783110607642  |q (electronic bk.) 
035 |a (MiAaPQ)EBC7015476 
035 |a (Au-PeEL)EBL7015476 
035 |a (OCoLC)1334104350 
040 |a MiAaPQ  |b eng  |e rda  |e pn  |c MiAaPQ  |d MiAaPQ 
082 0 |a 330.93 
100 1 |a von Reden, Sitta. 
245 1 0 |a Handbook of Ancient Afro-Eurasian Economies :  |b Volume 2: Local, Regional, and Imperial Economies. 
250 |a 1st ed. 
264 1 |a Berlin/München/Boston :  |b Walter de Gruyter GmbH,  |c 2021. 
264 4 |c {copy}2022. 
300 |a 1 online resource (860 pages) 
336 |a text  |b txt  |2 rdacontent 
337 |a computer  |b c  |2 rdamedia 
338 |a online resource  |b cr  |2 rdacarrier 
588 |a Description based on publisher supplied metadata and other sources. 
590 |a Electronic reproduction. Ann Arbor, Michigan : ProQuest Ebook Central, 2023. Available via World Wide Web. Access may be limited to ProQuest Ebook Central affiliated libraries.  
655 4 |a Electronic books. 
700 1 |a Fabian, Lara. 
700 1 |a Weaverdyck, Eli J. S. 
776 0 8 |i Print version:  |a von Reden, Sitta  |t Handbook of Ancient Afro-Eurasian Economies  |d Berlin/München/Boston : Walter de Gruyter GmbH,c2021 
797 2 |a ProQuest (Firm) 
856 4 0 |u https://ebookcentral.proquest.com/lib/matrademy/detail.action?docID=7015476  |z Click to View